UBT Library

Bauplan für eine Seele / (Record no. 55)

000 -LEADER
fixed length control field 00492nam a22001817a 4500
008 - FIXED-LENGTH DATA ELEMENTS--GENERAL INFORMATION
fixed length control field 131009b xxu||||| |||| 00| 0 ger d
020 ## - INTERNATIONAL STANDARD BOOK NUMBER
International Standard Book Number 3499611937
041 0# - LANGUAGE CODE
Language code of text/sound track or separate title ger
080 ## - UNIVERSAL DECIMAL CLASSIFICATION NUMBER
Universal Decimal Classification number 007
100 1# - Rafti
Rafti Dörner, Dietrich
100 1# - Rafti
-- 1938
245 10 - TITLE STATEMENT
Title Bauplan für eine Seele /
Statement of responsibility, etc Dietrich Dörner
260 ## -
-- Hamburg :
-- Rowohlt Taschenbuch Verlag ;
-- 1998
300 ## -
-- 831 f. :
-- me il. ;
-- 21 cm.
500 ## -
-- Literatur : f. 817 - 822
650 ## -
-- Kibernetika
650 ## -
-- Robotët
942 ## - ADDED ENTRY ELEMENTS (KOHA)
Source of classification or shelving scheme
Item type Books
Holdings
Withdrawn status Lost status Source of classification or shelving scheme Damaged status Not for loan Collection code Permanent location Current location Shelving location Date acquired Total Checkouts Full call number Barcode Date last seen Price effective from Koha item type
          Koleksioni i përgjithshem UBT - Prishtine UBT - Prishtine Koleksioni i përgjithshem 10/09/2013   007 DOR 001-000046 10/09/2013 10/09/2013 Books
UBT Library © 2015-2024. All rights reserved University Education for Business and Technology